|
|
|
|
| LEADER |
00000nab a2200000 a 4500 |
| 001 |
vtls010259487 |
| 003 |
SK-MaSNL |
| 005 |
20260318140130.0 |
| 008 |
11030209c2009 xo o |||||||||||||||b|ge |
| 015 |
|
|
|a SNBRB2009/11
|
| 035 |
|
|
|a SVKKK000098615
|
| 038 |
|
|
|a SVKKK
|
| 040 |
|
|
|a SVKKK
|b slo
|c SVKKK
|e AACR2
|
| 041 |
0 |
|
|a ger
|
| 044 |
|
|
|a xo
|c SK
|
| 080 |
|
|
|a 94
|2 1997
|
| 080 |
|
|
|a 323.15=112.2(437.6)
|2 1997
|
| 100 |
1 |
|
|a Fiľo, Rastislav
|4 aut
|9 350811
|
| 245 |
1 |
0 |
|a Siedlungen mit deutschsprachiger Bevölkerung in der Slowakei auf den militärischen Landkarten in der zweiten Hälfte des 18. Jahrhunderts
|b neue Publikation des Museums der Kultur der Karpatendeutchen
|c Rastislav Fiľo
|
| 300 |
|
|
|b Obr.
|
| 650 |
0 |
7 |
|a karpatskí Nemci
|x vojenské mapy
|y 18. stor.
|z Slovensko
|2 snkbucl
|9 1103474
|
| 655 |
|
7 |
|a recenzie
|2 snkbucl
|9 21907
|
| 773 |
0 |
|
|t Karpatenblatt
|x 1336-0736
|g Roč. 18, č. 3 (2009), s. 10
|
| 852 |
|
|
|a SVKKK
|b BIB
|
| 958 |
|
|
|a SK
|
| 958 |
|
|
|a RC
|
| 999 |
|
|
|c 1813813
|d 1815743
|